Palmarès de la Bundesliga - Statistiques

Statistiques générales
  • Ce quiz a été pris 213 fois
    81 depuis la dernière actualisation
  • Le résultat moyen est 14 sur 30
Statistiques - réponses
Clubs Titre(s) % Correct
Bayern Munich 33
100%
Borussia Dortmund 8
96%
Bayer Leverkusen 1
90%
Hambourg 6
81%
Stuttgart 5
81%
VfB Leipzig 3
79%
Hertha Berlin 2
75%
Wolfsburg 1
75%
Blau-Weiß Berlin 1
73%
Schalke 04 7
73%
Viktoria Berlin 2
73%
Werder Brême 4
71%
Eintracht Francfort 1
65%
Mönchengladbach 5
62%
Cologne 3
60%
Nuremberg 9
60%
Kaiserslautern 4
38%
Fortuna Düsseldorf 1
37%
Hanovre 96 2
31%
1860 Munich 1
19%
Mannheim 1
15%
Greuther Fürth 3
13%
Karlsruher FV 1
12%
Karlsruher SC 1
12%
Rapid Vienne 1
12%
Holstein Kiel 1
10%
Eintracht Brunswick 1
6%
Dresdner 2
4%
Freiburger 1
4%
Rot-Weiss Essen 1
4%
Aucun quiz correspondant
Distribution des résultats
% des personnes avec chaque résultat
Percentile par nombre de réponses
Votre historique - résultats
Vous n’avez pas pris ce quiz depuis la dernière actualisation